England 2026 FIFA World Cup Squad - Statistics

General Stats
  • This quiz has been taken 1,146 times
  • The average score is 16 of 27
Answer Stats
Position Player % Correct
FW © Harry Kane
96%
GK Jordan Pickford
86%
MF Jude Bellingham
82%
FW Bukayo Saka
78%
GK Dean Henderson
75%
DF John Stones
75%
MF Jordan Henderson
75%
Manager Thomas Tuchel
75%
MF Declan Rice
74%
FW Marcus Rashford
64%
DF Marc Guéhi
62%
FW Ollie Watkins
62%
DF Reece James
58%
FW Ivan Toney
55%
GK James Trafford
55%
FW Eberechi Eze
52%
FW Noni Madueke
52%
FW Anthony Gordon
51%
DF Ezri Konsa
51%
DF Dan Burn
47%
MF Elliot Anderson
47%
MF Kobbie Mainoo
47%
DF Nico O'Reilly
46%
MF Morgan Rogers
43%
DF Tino Livramento
43%
DF Djed Spence
41%
DF Jarrell Quansah
36%
No matching quizzes found
Score Distribution
Percent of People with Each Score
Percentile by Number Answered
Your Score History
You have not taken this quiz